[Event "Deutsche Ländermeisterschaft 2003"]
[Site "Kassel GER"]
[Date "2003.10.23"]
[Round "7"]
[White "Rohde, Torsten"]
[Black "Wiegmann, Sascha"]
[Result "1/2-1/2"]
[Termination "normal"]
[Board "1.3"]
[WhiteElo "2102"]
[BlackElo "2156"]
[WhiteTeam "Hessen 1"]
[BlackTeam "Niedersachsen"]
[PlyCount "53"]
[WhiteFideId "4665007"]
[BlackFideId "4682041"]
[EventCountry "GER"]
[EventRounds "7"]
[EventType "team-swiss"]
[EventDate "2003.10.18"]

1. e4 c5 2. Nf3 Nc6 3. d4 cxd4 4. Nxd4 Nf6 5. Nc3 e5 6. Ndb5 d6 7. Bg5 a6 8.
Na3 b5 9. Nd5 Be7 10. Bxf6 Bxf6 11. c3 Bg5 12. Nc2 O-O 13. a4 bxa4 14. Rxa4 a5
15. Bc4 Rb8 16. b3 Kh8 17. O-O f5 18. exf5 Bxf5 19. b4 axb4 20. Ncxb4 Na5 21.
Be2 Rb7 22. Bg4 Rbf7 23. Bxf5 Rxf5 24. Qe2 Nb3 25. Ra7 h6 26. Nc6 Qe8 27. Nce7
1/2-1/2

[Event "Deutsche Ländermeisterschaft 2003"]
[Site "Kassel GER"]
[Date "2003.10.23"]
[Round "7"]
[White "Bäumler, Ilja"]
[Black "Sohl, Jan"]
[Result "1-0"]
[Termination "normal"]
[Board "1.4"]
[WhiteElo "2153"]
[BlackElo "1847"]
[WhiteTeam "Niedersachsen"]
[BlackTeam "Hessen 1"]
[PlyCount "57"]
[WhiteFideId "4681070"]
[BlackFideId "4698070"]
[EventCountry "GER"]
[EventRounds "7"]
[EventType "team-swiss"]
[EventDate "2003.10.18"]

1. e4 c5 2. c3 d5 3. exd5 Qxd5 4. d4 Nf6 5. Nf3 Bg4 6. Be2 e6 7. O-O Nc6 8. h3
Bh5 9. a3 Be7 10. Be3 cxd4 11. cxd4 O-O 12. Nc3 Qd6 13. b4 Rac8 14. Qd2 Nd5 15.
Nxd5 Qxd5 16. Rac1 Rfd8 17. Rfd1 Qd7 18. b5 Bxf3 19. Bxf3 Nb8 20. a4 a6 21. Qa5
Rxc1 22. Rxc1 Rc8 23. Rxc8+ Qxc8 24. Qb6 Nd7 25. Qxb7 Qxb7 26. Bxb7 axb5 27.
Bc6 Nb6 28. a5 Nc8 29. Bd7 1-0

[Event "Deutsche Ländermeisterschaft 2003"]
[Site "Kassel GER"]
[Date "2003.10.23"]
[Round "7"]
[White "Wolk, Friederike"]
[Black "Romakin, Helene"]
[Result "0-1"]
[Termination "normal"]
[Board "1.5"]
[WhiteElo "1997"]
[BlackElo "2081"]
[WhiteTeam "Hessen 1"]
[BlackTeam "Niedersachsen"]
[PlyCount "75"]
[WhiteFideId "4693400"]
[BlackFideId "24605964"]
[EventCountry "GER"]
[EventRounds "7"]
[EventType "team-swiss"]
[EventDate "2003.10.18"]

1. e4 c5 2. Nc3 Nc6 3. g3 g6 4. Bg2 Bg7 5. d3 d6 6. f4 e6 7. Nf3 Nge7 8. Be3
Nd4 9. O-O O-O 10. e5 Nef5 11. Bf2 Nxf3+ 12. Bxf3 dxe5 13. fxe5 Nd4 14. Bg2 Rb8
15. Ne4 b6 16. Nf6+ Kh8 17. c3 Nb5 18. Be3 Bb7 19. Bxb7 Rxb7 20. Qd2 Qb8 21. a4
Bxf6 22. exf6 Nd6 23. Bh6 Rd8 24. Bg7+ Kg8 25. Qh6 Ne8 26. Rf4 Rd5 27. Rh4 Rh5
28. Rxh5 gxh5 29. Qg5 Qd8 30. Bh6+ Kh8 31. Bg7+ Kg8 32. Bh6+ Kh8 33. Bg7+ Kg8
34. Re1 Qxd3 35. Re5 Rd7 36. Bh6+ Qg6 37. Qf4 Rd1+ 38. Kg2 0-1

[Event "Deutsche Ländermeisterschaft 2003"]
[Site "Kassel GER"]
[Date "2003.10.23"]
[Round "7"]
[White "Seeger, Franziska"]
[Black "Brethauer, Sarah"]
[Result "1-0"]
[Termination "normal"]
[Board "1.6"]
[WhiteElo "2064"]
[BlackElo "1889"]
[WhiteTeam "Niedersachsen"]
[BlackTeam "Hessen 1"]
[PlyCount "117"]
[WhiteFideId "4690982"]
[BlackFideId "24605220"]
[EventCountry "GER"]
[EventRounds "7"]
[EventType "team-swiss"]
[EventDate "2003.10.18"]

1. e4 c5 2. Nf3 Nc6 3. d4 cxd4 4. Nxd4 g6 5. c4 Bg7 6. Be3 d6 7. Nc3 Nf6 8. Be2
O-O 9. O-O Bd7 10. f3 Nxd4 11. Bxd4 Bc6 12. Qd2 Qd7 13. b4 b6 14. Rac1 Rac8 15.
Rfd1 Rfd8 16. a3 Rc7 17. Bf2 Qc8 18. Nd5 Bxd5 19. cxd5 Rdd7 20. Bb5 Rxc1 21.
Rxc1 Rc7 22. Rxc7 Qxc7 23. a4 Kf8 24. a5 Ng8 25. Bc6 bxa5 26. bxa5 e6 27. Qb4
Ne7 28. Qb7 Qxb7 29. Bxb7 exd5 30. exd5 a6 31. Bxa6 Nxd5 32. Bb7 Nb4 33. a6
Nxa6 34. Bxa6 Ke7 35. Kf1 d5 36. Ke2 Kd6 37. Kd3 f5 38. Bg3+ Kc6 39. Bc8 h6 40.
h4 Bf6 41. h5 gxh5 42. Bxf5 h4 43. Bf4 Bg7 44. Be3 Kd6 45. Bd4 Be5 46. Ke3 Bh2
47. f4 Bg1+ 48. Kd3 Bh2 49. Be5+ Kc5 50. Bc8 Bg3 51. Bd4+ Kd6 52. f5 Ke7 53.
f6+ Kf8 54. Bc5+ Kf7 55. Be7 Be5 56. Bg4 Bxf6 57. Bxf6 Kxf6 58. Kd4 Kg5 59. Bh3
1-0

[Event "Deutsche Ländermeisterschaft 2003"]
[Site "Kassel GER"]
[Date "2003.10.23"]
[Round "7"]
[White "Rafiee, Makan"]
[Black "Bradler, Stephan"]
[Result "1-0"]
[Termination "normal"]
[Board "1.7"]
[WhiteElo "1647"]
[BlackElo "1559"]
[WhiteTeam "Hessen 1"]
[BlackTeam "Niedersachsen"]
[PlyCount "47"]
[WhiteFideId "24609340"]
[BlackFideId "24629367"]
[EventCountry "GER"]
[EventRounds "7"]
[EventType "team-swiss"]
[EventDate "2003.10.18"]

1. e4 e5 2. f4 exf4 3. Nf3 d6 4. Bc4 Be6 5. Bxe6 fxe6 6. d4 Nc6 7. Bxf4 Qd7 8.
O-O O-O-O 9. c4 h6 10. d5 Nce7 11. Nc3 e5 12. Be3 b6 13. b4 c6 14. a4 Kb7 15.
a5 Ra8 16. Qa4 Qc8 17. Nd2 Nf6 18. axb6 a6 19. Nb3 Qe8 20. Na5+ Kb8 21. dxc6
Ra7 22. Rxf6 Qh5 23. Rxd6 Nf5 24. Rd8# 1-0

[Event "Deutsche Ländermeisterschaft 2003"]
[Site "Kassel GER"]
[Date "2003.10.23"]
[Round "7"]
[White "Kickert, Germaine Helene"]
[Black "Begeluri, Nino"]
[Result "1-0"]
[Termination "normal"]
[Board "1.8"]
[WhiteElo "1315"]
[BlackElo "1125"]
[WhiteTeam "Niedersachsen"]
[BlackTeam "Hessen 1"]
[PlyCount "109"]
[WhiteFideId "24614890"]
[EventCountry "GER"]
[EventRounds "7"]
[EventType "team-swiss"]
[EventDate "2003.10.18"]

1. e4 c5 2. c3 d5 3. exd5 Qxd5 4. Nf3 Nc6 5. Be2 Bg4 6. Na3 e6 7. d4 cxd4 8.
Nb5 O-O-O 9. Nbxd4 Bc5 10. Be3 Nge7 11. O-O f5 12. Nxc6 Qxc6 13. Qc2 Rhf8 14.
Ne5 Qd5 15. Nxg4 fxg4 16. Rad1 Qc6 17. Rxd8+ Rxd8 18. Bxc5 Qxc5 19. Qxh7 Qg5
20. Qe4 Qf5 21. Qc4+ Nc6 22. Bxg4 Qc2 23. Qxe6+ Kb8 24. Qb3 Qxb3 25. axb3 Ne5
26. Rd1 Rxd1+ 27. Bxd1 Nd3 28. Bc2 Nxb2 29. Kf1 b5 30. Ke1 a5 31. Kd2 a4 32.
Kc1 axb3 33. Kxb2 bxc2 34. Kxc2 Kc7 35. Kb3 Kc6 36. Kb4 g5 37. g3 g4 38. c4
bxc4 39. Kxc4 Kd6 40. Kd4 Ke6 41. Ke4 Kf6 42. Kf4 Ke6 43. Kxg4 Kf7 44. Kf5 Kg7
45. Ke6 Kg6 46. f4 Kg7 47. Ke7 Kg8 48. f5 Kg7 49. f6+ Kg8 50. f7+ Kh7 51. f8=Q
Kg6 52. Qf4 Kg7 53. Qg5+ Kh7 54. Kf7 Kh8 55. Qh6# 1-0

[Event "Deutsche Ländermeisterschaft 2003"]
[Site "Kassel GER"]
[Date "2003.10.23"]
[Round "7"]
[White "Nazarenus, Moritz"]
[Black "Boguslavskyy, Oleg"]
[Result "1/2-1/2"]
[Termination "normal"]
[Board "2.1"]
[WhiteElo "2111"]
[BlackElo "2340"]
[WhiteTeam "Hessen 2"]
[BlackTeam "Baden"]
[PlyCount "61"]
[WhiteFideId "4670540"]
[BlackFideId "14113929"]
[EventCountry "GER"]
[EventRounds "7"]
[EventType "team-swiss"]
[EventDate "2003.10.18"]

1. d4 d5 2. c4 e6 3. Nc3 Nf6 4. cxd5 exd5 5. Bg5 Be7 6. e3 c6 7. Bd3 Nbd7 8.
Qc2 O-O 9. Nf3 Re8 10. O-O Nf8 11. h3 g6 12. Bxf6 Bxf6 13. b4 Ne6 14. Rfd1 Qd6
15. b5 c5 16. dxc5 Qxc5 17. Rac1 Bxc3 18. Qxc3 Qxc3 19. Rxc3 b6 20. Bc2 Bb7 21.
Bb3 Rac8 22. Rxc8 Rxc8 23. Bxd5 Bxd5 24. Rxd5 Nc7 25. Rd7 Nxb5 26. a4 Rc1+ 27.
Kh2 Nc3 28. Rc7 a6 29. Ne5 Na2 30. Rb7 Rb1 31. Nc4 1/2-1/2

[Event "Deutsche Ländermeisterschaft 2003"]
[Site "Kassel GER"]
[Date "2003.10.23"]
[Round "7"]
[White "Strohhäker, Raoul"]
[Black "Kuhn, Ulf"]
[Result "1-0"]
[Termination "normal"]
[Board "2.2"]
[WhiteElo "2106"]
[BlackElo "2013"]
[WhiteTeam "Baden"]
[BlackTeam "Hessen 2"]
[PlyCount "111"]
[WhiteFideId "4687400"]
[BlackFideId "4693604"]
[EventCountry "GER"]
[EventRounds "7"]
[EventType "team-swiss"]
[EventDate "2003.10.18"]

1. c4 f5 2. Nc3 Nf6 3. g3 g6 4. Bg2 Bg7 5. d4 O-O 6. Nh3 Nc6 7. O-O d6 8. f4
Bd7 9. d5 Na5 10. Qd3 c5 11. Nf2 a6 12. b3 b5 13. Bb2 bxc4 14. bxc4 Rb8 15.
Rab1 Rb4 16. Ncd1 Qb6 17. Bc3 Rxb1 18. Bxa5 Qb8 19. Qc2 Rb7 20. h3 Qe8 21. Nc3
Nh5 22. Kh2 g5 23. e3 gxf4 24. gxf4 Qg6 25. Nh1 Kh8 26. Bf3 Qh6 27. Bxh5 Qxh5
28. Ng3 Qf7 29. Qe2 Be8 30. Rg1 e6 31. dxe6 Qxe6 32. Qg2 Qd7 33. h4 Qc6 34. Qe2
Qd7 35. Rg2 Qe7 36. Qf3 Rb8 37. Nd5 Rb2 38. Rxb2 Bxb2 39. e4 fxe4 40. Nxe4 Qe6
41. Bc3+ Bxc3 42. Qxc3+ Kg8 43. Ndf6+ Rxf6 44. Nxf6+ Kf7 45. Nxh7 Qe2+ 46. Kg3
Bc6 47. Ng5+ Kg6 48. h5+ Kf5 49. Nf3 Qxa2 50. Nh4+ Ke6 51. Qg7 Qb3+ 52. Kg4 d5
53. Ng6 Qd1+ 54. Kg5 Qg1+ 55. Kh6 Kf5 56. Qe5+ 1-0

[Event "Deutsche Ländermeisterschaft 2003"]
[Site "Kassel GER"]
[Date "2003.10.23"]
[Round "7"]
[White "Elstner, Eik"]
[Black "Hauser, Carlos"]
[Result "0-1"]
[Termination "normal"]
[Board "2.3"]
[WhiteElo "2078"]
[BlackElo "1903"]
[WhiteTeam "Hessen 2"]
[BlackTeam "Baden"]
[PlyCount "68"]
[WhiteFideId "24605581"]
[BlackFideId "24608238"]
[EventCountry "GER"]
[EventRounds "7"]
[EventType "team-swiss"]
[EventDate "2003.10.18"]

1. d4 d5 2. c4 c6 3. Nf3 Nf6 4. Nc3 dxc4 5. e4 b5 6. e5 Nd5 7. a4 e6 8. axb5
Nxc3 9. bxc3 cxb5 10. Ng5 Bb7 11. Qh5 g6 12. Qg4 Be7 13. Be2 Nd7 14. Ne4 Nb6
15. Bf3 Nd5 16. Bg5 Bxg5 17. Nd6+ Kf8 18. Nxb7 Qb6 19. Nc5 Qd8 20. Bxd5 exd5
21. O-O Be7 22. Ra6 Kg7 23. Rfa1 Qc7 24. h4 Bxc5 25. dxc5 Qxe5 26. Rxa7 Rxa7
27. Rxa7 Qe1+ 28. Kh2 Qe5+ 29. Kg1 Qxc3 30. Qe6 Qa1+ 31. Rxa1 fxe6 32. Kf1 Rc8
33. Ra7+ Kf6 34. Rxh7 Rxc5 0-1

[Event "Deutsche Ländermeisterschaft 2003"]
[Site "Kassel GER"]
[Date "2003.10.23"]
[Round "7"]
[White "Becker, Erik"]
[Black "Rogalski, Yuriy"]
[Result "0-1"]
[Termination "normal"]
[Board "2.4"]
[WhiteElo "2010"]
[BlackElo "1776"]
[WhiteTeam "Baden"]
[BlackTeam "Hessen 2"]
[PlyCount "74"]
[WhiteFideId "4696921"]
[BlackFideId "24605352"]
[EventCountry "GER"]
[EventRounds "7"]
[EventType "team-swiss"]
[EventDate "2003.10.18"]

1. e4 Nf6 2. e5 Nd5 3. c4 Nb6 4. d4 d6 5. exd6 cxd6 6. Be3 Nc6 7. Nc3 g6 8. Be2
Bg7 9. f4 Bf5 10. Nf3 Rc8 11. Rc1 O-O 12. O-O e5 13. fxe5 dxe5 14. d5 Nd4 15.
Nd2 Qe7 16. b3 Nd7 17. Nf3 Nxe2+ 18. Qxe2 Nc5 19. Ne1 e4 20. Nb5 Nd3 21. Nxd3
exd3 22. Qd2 a6 23. Nd4 Be4 24. Rce1 Rfe8 25. Qf2 Qd7 26. Nf3 b5 27. cxb5 Rc2
28. Nd2 axb5 29. Qf4 Bxd5 30. Nf3 Rxa2 31. Bd4 Rxe1 32. Nxe1 Bxg2 33. Bxg7 Bxf1
34. Bd4 Bh3 35. Qb8+ Qc8 36. Qxc8+ Bxc8 37. Nxd3 Rd2 0-1

[Event "Deutsche Ländermeisterschaft 2003"]
[Site "Kassel GER"]
[Date "2003.10.23"]
[Round "7"]
[White "Mader, Manuela"]
[Black "Becker, Natalie"]
[Result "1-0"]
[Termination "normal"]
[Board "2.6"]
[WhiteElo "1662"]
[BlackElo "1514"]
[WhiteTeam "Baden"]
[BlackTeam "Hessen 2"]
[PlyCount "75"]
[WhiteFideId "24612928"]
[EventCountry "GER"]
[EventRounds "7"]
[EventType "team-swiss"]
[EventDate "2003.10.18"]

1. e4 g6 2. d4 Bg7 3. Nc3 d6 4. Be3 c6 5. Qd2 Nd7 6. h4 h5 7. Nh3 b5 8. Ng5
Ngf6 9. f3 Nb6 10. Nd1 Rb8 11. Rb1 Qc7 12. b3 a6 13. Qf2 Nbd7 14. g4 hxg4 15.
fxg4 e5 16. h5 gxh5 17. gxh5 Rf8 18. h6 Bh8 19. Nf3 Ng4 20. Qd2 Nxe3 21. Nxe3
Nf6 22. Bd3 Ng4 23. Nxg4 Bxg4 24. Ng5 exd4 25. Rg1 Be6 26. Nh7 Qe7 27. Nxf8
Qxf8 28. h7 f6 29. Qg2 Kd7 30. Be2 Kc7 31. Bg4 Bf7 32. Bf5 c5 33. Qg4 Qe8 34.
Bg6 Bxg6 35. Qxg6 Qxg6 36. Rxg6 Re8 37. Rg8 Kd7 38. Ke2 1-0

[Event "Deutsche Ländermeisterschaft 2003"]
[Site "Kassel GER"]
[Date "2003.10.23"]
[Round "7"]
[White "Kuhn, Alena"]
[Black "Goergen, Barbara"]
[Result "1/2-1/2"]
[Termination "normal"]
[Board "2.7"]
[WhiteElo "1522"]
[BlackElo "1758"]
[WhiteTeam "Hessen 2"]
[BlackTeam "Baden"]
[PlyCount "31"]
[EventCountry "GER"]
[EventRounds "7"]
[EventType "team-swiss"]
[EventDate "2003.10.18"]

1. f4 c5 2. Nf3 Nc6 3. g3 g6 4. Bg2 Bg7 5. O-O d6 6. d3 Nf6 7. Qe1 O-O 8. e4 e6
9. a4 Rb8 10. Na3 a6 11. h3 b5 12. axb5 axb5 13. c3 e5 14. f5 Qc7 15. g4 Re8
16. g5 1/2-1/2

[Event "Deutsche Ländermeisterschaft 2003"]
[Site "Kassel GER"]
[Date "2003.10.23"]
[Round "7"]
[White "Frey, Alisa"]
[Black "Zuyev, Lisa"]
[Result "1-0"]
[Termination "normal"]
[Board "2.8"]
[WhiteElo "1396"]
[BlackElo "1160"]
[WhiteTeam "Baden"]
[BlackTeam "Hessen 2"]
[PlyCount "120"]
[WhiteFideId "24634662"]
[EventCountry "GER"]
[EventRounds "7"]
[EventType "team-swiss"]
[EventDate "2003.10.18"]

1. e4 e5 2. Nf3 Nc6 3. Nc3 Nf6 4. d4 exd4 5. Nxd4 Bc5 6. Be3 d5 7. Nxc6 Qd6 8.
Bxc5 Qxc5 9. Nd4 dxe4 10. Qd2 O-O 11. O-O-O Rd8 12. Qe3 Qe5 13. f3 c5 14. Nb3
Rxd1+ 15. Kxd1 Qd6+ 16. Qd2 Qc6 17. fxe4 Be6 18. Bb5 Qc7 19. Kc1 h6 20. h3 a6
21. Be2 Rd8 22. Qe3 b6 23. Bxa6 Qa7 24. Be2 Qa8 25. Rd1 Re8 26. Qf3 c4 27. Nd4
Qa6 28. Nxe6 Rxe6 29. Rd8+ Kh7 30. Qf5+ g6 31. Qb5 Qxb5 32. Nxb5 Rxe4 33. Bf3
Re5 34. Nd6 Kg7 35. Nxc4 Re6 36. Rb8 Nd7 37. Rb7 Nc5 38. Rxb6 Re1+ 39. Kd2 Rg1
40. Ke3 Re1+ 41. Kd4 Ne6+ 42. Kc3 Ra1 43. a3 Nf4 44. Rd6 Ne6 45. Rd1 Rxd1 46.
Bxd1 Nf4 47. Bf3 f5 48. b4 Kf6 49. a4 Ke6 50. Kd4 Kd7 51. Ke5 Ne6 52. b5 Nc7
53. Bc6+ Kc8 54. Kf6 Kb8 55. a5 Kc8 56. Kxg6 f4 57. Kxh6 Kb8 58. Kg5 Ne6+ 59.
Kg4 Nd4 60. Kxf4 Nxc2 1-0

[Event "Deutsche Ländermeisterschaft 2003"]
[Site "Kassel GER"]
[Date "2003.10.23"]
[Round "7"]
[White "Krämer, Martin"]
[Black "Korotkevych, Stanislav"]
[Result "1-0"]
[Termination "normal"]
[Board "3.1"]
[WhiteElo "2213"]
[BlackElo "2320"]
[WhiteTeam "Thüringen"]
[BlackTeam "Nordrhein-Westfalen"]
[PlyCount "67"]
[WhiteFideId "4671910"]
[BlackFideId "14107309"]
[EventCountry "GER"]
[EventRounds "7"]
[EventType "team-swiss"]
[EventDate "2003.10.18"]

1. e4 Nc6 2. Nf3 d6 3. d4 Nf6 4. Nc3 Bg4 5. Be3 e5 6. d5 Nb8 7. h3 Bh5 8. g4
Bg6 9. Nd2 Be7 10. Be2 Nfd7 11. Nf3 Nf6 12. Nd2 Nfd7 13. Nf3 Na6 14. Bxa6 bxa6
15. Qd3 Qc8 16. Nd2 h5 17. g5 h4 18. O-O-O Rh5 19. Rdg1 Nb6 20. Kb1 c5 21. dxc6
Qxc6 22. Qxa6 Kd7 23. a4 d5 24. Bxb6 axb6 25. exd5 Rxa6 26. dxc6+ Kxc6 27. Nf3
Ra5 28. Rg4 e4 29. Nxh4 Bh7 30. Nxe4 Rxa4 31. Nc3 Ra5 32. Nf3 Bxg5 33. b4 Bf6
34. Rc4+ 1-0

[Event "Deutsche Ländermeisterschaft 2003"]
[Site "Kassel GER"]
[Date "2003.10.23"]
[Round "7"]
[White "Fiebig, Thomas"]
[Black "Holzschuh, Stephan"]
[Result "1/2-1/2"]
[Termination "normal"]
[Board "3.2"]
[WhiteElo "2262"]
[BlackElo "2138"]
[WhiteTeam "Nordrhein-Westfalen"]
[BlackTeam "Thüringen"]
[PlyCount "78"]
[WhiteFideId "4693922"]
[BlackFideId "4677471"]
[EventCountry "GER"]
[EventRounds "7"]
[EventType "team-swiss"]
[EventDate "2003.10.18"]

1. e4 c5 2. Nf3 Nc6 3. c3 Nf6 4. e5 Nd5 5. d4 cxd4 6. cxd4 d6 7. Bc4 Nb6 8. Bb5
dxe5 9. Nxe5 Bd7 10. Bxc6 Bxc6 11. Nxc6 bxc6 12. O-O g6 13. Nc3 Bg7 14. Be3 O-O
15. Rc1 Qd7 16. Qf3 Rfd8 17. Rfd1 Qe6 18. b3 Nd5 19. Nxd5 Rxd5 20. Rc4 Rad8 21.
g3 Qd7 22. Rdc1 Bxd4 23. Bxd4 Rxd4 24. Rxd4 Qxd4 25. Qxc6 Qg4 26. Qc2 h5 27.
Re1 Qg5 28. h4 Qf6 29. Qe2 e6 30. Kg2 Qc3 31. Rd1 Qc6+ 32. Kh2 Rxd1 33. Qxd1
Qc5 34. Kg2 e5 35. a4 Kg7 36. Qd2 a5 37. Qd3 Qc6+ 38. Kh2 Qc5 39. Kg2 Qc6+
1/2-1/2

[Event "Deutsche Ländermeisterschaft 2003"]
[Site "Kassel GER"]
[Date "2003.10.23"]
[Round "7"]
[White "Lange, Corinna"]
[Black "Rehberg, Raphael"]
[Result "1-0"]
[Termination "normal"]
[Board "3.3"]
[WhiteElo "2142"]
[BlackElo "2042"]
[WhiteTeam "Thüringen"]
[BlackTeam "Nordrhein-Westfalen"]
[PlyCount "93"]
[BlackFideId "4686799"]
[EventCountry "GER"]
[EventRounds "7"]
[EventType "team-swiss"]
[EventDate "2003.10.18"]

1. e4 c5 2. Nf3 e6 3. d4 cxd4 4. Nxd4 a6 5. Nc3 b5 6. g3 Bb7 7. Bg2 b4 8. Nce2
Nf6 9. Bg5 Be7 10. Bxf6 Bxf6 11. O-O Qb6 12. Qd2 O-O 13. c3 bxc3 14. bxc3 Nc6
15. Rab1 Qc7 16. f4 Rab8 17. Rfd1 Ba8 18. Qd3 Qa7 19. Kf1 Be7 20. e5 Na5 21.
Nb3 Nxb3 22. axb3 Bxg2+ 23. Kxg2 Qb7+ 24. Qf3 Rfd8 25. Qxb7 Rxb7 26. b4 d5 27.
exd6 Rxd6 28. Rxd6 Bxd6 29. Ra1 Rb6 30. Kf3 Kf8 31. Ke4 Ke7 32. Nd4 g6 33. Nc2
Kd7 34. Ra4 Bf8 35. c4 Bg7 36. c5 Rc6 37. Nd4 Bxd4 38. Kxd4 f6 39. Kc4 e5 40.
fxe5 fxe5 41. Kd5 Kc7 42. Kxe5 Kb7 43. Ra3 Kc7 44. Rf3 a5 45. Rf7+ Kd8 46. Kd5
Ra6 47. b5 1-0

[Event "Deutsche Ländermeisterschaft 2003"]
[Site "Kassel GER"]
[Date "2003.10.23"]
[Round "7"]
[White "Zhang, Fan"]
[Black "Siebarth, Raiko"]
[Result "1-0"]
[Termination "normal"]
[Board "3.4"]
[WhiteElo "1752"]
[BlackElo "2117"]
[WhiteTeam "Nordrhein-Westfalen"]
[BlackTeam "Thüringen"]
[PlyCount "83"]
[WhiteFideId "24609730"]
[BlackFideId "4674766"]
[EventCountry "GER"]
[EventRounds "7"]
[EventType "team-swiss"]
[EventDate "2003.10.18"]

1. d4 Nf6 2. Nf3 g6 3. Bf4 Bg7 4. e3 O-O 5. Be2 d6 6. h3 c6 7. O-O Nbd7 8. c3
Qe8 9. a4 a5 10. Na3 h6 11. Bh2 d5 12. c4 Kh7 13. Rc1 dxc4 14. Nxc4 b5 15. Nce5
Nxe5 16. Nxe5 Bd7 17. Bf3 Rc8 18. Qd2 b4 19. Rc5 Qd8 20. Nxd7 Qxd7 21. Rfc1
Rfd8 22. Qc2 Qe6 23. Rxa5 Qa2 24. b3 Qxc2 25. Rxc2 Nd5 26. Rac5 Nc3 27. Rxc6
Rxc6 28. Bxc6 Rc8 29. Be4 f5 30. Bd3 e5 31. Bxe5 Bxe5 32. dxe5 Rd8 33. Bc4 Rd1+
34. Kh2 Kg7 35. a5 Kf8 36. a6 Ke7 37. g4 fxg4 38. hxg4 Ra1 39. Kg2 Ne4 40. f4
Ra5 41. Kf3 Nc5 42. Rh2 1-0

[Event "Deutsche Ländermeisterschaft 2003"]
[Site "Kassel GER"]
[Date "2003.10.23"]
[Round "7"]
[White "Hobusch, Alexander"]
[Black "Forchmann, Anneliese"]
[Result "1-0"]
[Termination "normal"]
[Board "3.6"]
[WhiteElo "1771"]
[BlackElo "1627"]
[WhiteTeam "Nordrhein-Westfalen"]
[BlackTeam "Thüringen"]
[PlyCount "81"]
[WhiteFideId "24611387"]
[EventCountry "GER"]
[EventRounds "7"]
[EventType "team-swiss"]
[EventDate "2003.10.18"]

1. d4 Nf6 2. Nf3 g6 3. c4 Bg7 4. Nc3 d6 5. e4 O-O 6. Be2 e5 7. Be3 Nc6 8. d5
Ne7 9. Nd2 Ne8 10. c5 f5 11. f3 f4 12. Bf2 g5 13. Nc4 Ng6 14. cxd6 cxd6 15. Nb5
Nh4 16. Rg1 a6 17. Nc3 Qf6 18. Nb6 Rb8 19. Rc1 Bh6 20. Nca4 Ng7 21. Nxc8 Rbxc8
22. Nb6 Rxc1 23. Qxc1 Qe7 24. Kd2 g4 25. Ke1 gxf3 26. gxf3 Ng6 27. Kd2 Bg5 28.
Qe1 Qd8 29. a4 Bh4 30. a5 Bxf2 31. Qxf2 Ne7 32. Qg2 Rf7 33. Rc1 Rf8 34. Qg5 Ng6
35. Qxd8 Rxd8 36. Rc7 Nh4 37. Rxb7 Nh5 38. Rd7 Rf8 39. Rxd6 Ng3 40. Nd7 Rc8 41.
Rc6 1-0

[Event "Deutsche Ländermeisterschaft 2003"]
[Site "Kassel GER"]
[Date "2003.10.23"]
[Round "7"]
[White "van Orsouw, Svenja"]
[Black "Eckoldt, Katja"]
[Result "1-0"]
[Termination "normal"]
[Board "3.8"]
[WhiteElo "1313"]
[BlackElo "1206"]
[WhiteTeam "Nordrhein-Westfalen"]
[BlackTeam "Thüringen"]
[PlyCount "35"]
[WhiteFideId "24677124"]
[EventCountry "GER"]
[EventRounds "7"]
[EventType "team-swiss"]
[EventDate "2003.10.18"]

1. e4 c5 2. c3 d6 3. d4 cxd4 4. cxd4 Nf6 5. Nc3 e6 6. Bd3 Be7 7. Nf3 O-O 8. O-O
Nc6 9. Re1 Nd7 10. e5 dxe5 11. Nxe5 Nxd4 12. Bxh7+ Kxh7 13. Qxd4 Nxe5 14. Qxe5
Bf6 15. Qh5+ Kg8 16. Ne4 Qe7 17. Bg5 Bxg5 18. Nxg5 1-0

[Event "Deutsche Ländermeisterschaft 2003"]
[Site "Kassel GER"]
[Date "2003.10.23"]
[Round "7"]
[White "Silber, Henning"]
[Black "Zimmermann, Hendrik"]
[Result "1-0"]
[Termination "normal"]
[Board "4.1"]
[WhiteElo "2303"]
[BlackElo "2115"]
[WhiteTeam "Rheinland-Pfalz"]
[BlackTeam "Hessen 3"]
[PlyCount "125"]
[WhiteFideId "4662024"]
[BlackFideId "4686225"]
[EventCountry "GER"]
[EventRounds "7"]
[EventType "team-swiss"]
[EventDate "2003.10.18"]

1. e4 e6 2. d4 d5 3. Nd2 Nf6 4. e5 Nfd7 5. Bd3 c5 6. c3 Nc6 7. Ne2 Qb6 8. Nf3
cxd4 9. cxd4 f6 10. exf6 Nxf6 11. O-O Bd6 12. Bf4 Bxf4 13. Nxf4 Qc7 14. g3 O-O
15. Re1 Qd6 16. Ne5 Kh8 17. Bc2 Bd7 18. a3 Rae8 19. Qd3 Re7 20. h4 a6 21. b4
Nd8 22. f3 Bb5 23. Qd2 Be8 24. Kg2 Nd7 25. h5 Nf7 26. Nxd7 Qxd7 27. Qd3 Ng5 28.
Re5 Rf5 29. Rxf5 exf5 30. Qxf5 Qxf5 31. Bxf5 Re3 32. Bg4 Bc6 33. Kf2 Rb3 34.
Ra2 Kg8 35. Ne6 Nxe6 36. Bxe6+ Kf8 37. h6 Rd3 38. Bf5 Rxd4 39. Ke3 Rc4 40.
hxg7+ Kxg7 41. Rd2 Rc3+ 42. Rd3 Rc1 43. Kf4 h6 44. Be6 Ra1 45. Bxd5 Bxd5 46.
Rxd5 Rxa3 47. Rd7+ Kf6 48. Rxb7 Rb3 49. g4 Kg6 50. Rb6+ Kg7 51. Ke4 Kf7 52. f4
Rb2 53. Kf5 Rb1 54. Rxh6 Rxb4 55. Rh7+ Kg8 56. Ra7 Rb6 57. Kg5 Rc6 58. f5 Rb6
59. f6 a5 60. Kg6 Rb8 61. Rxa5 Rc8 62. Ra7 Kh8 63. Rh7+ 1-0

[Event "Deutsche Ländermeisterschaft 2003"]
[Site "Kassel GER"]
[Date "2003.10.23"]
[Round "7"]
[White "Dec, Paul"]
[Black "Kühner, Christian"]
[Result "0-1"]
[Termination "normal"]
[Board "4.2"]
[WhiteElo "2071"]
[BlackElo "2174"]
[WhiteTeam "Hessen 3"]
[BlackTeam "Rheinland-Pfalz"]
[PlyCount "42"]
[WhiteFideId "4676858"]
[BlackFideId "4679440"]
[EventCountry "GER"]
[EventRounds "7"]
[EventType "team-swiss"]
[EventDate "2003.10.18"]

1. e4 c5 2. c3 Nf6 3. e5 Nd5 4. d4 cxd4 5. Nf3 Nc6 6. cxd4 d6 7. exd6 Qxd6 8.
Nc3 Bg4 9. Be2 e6 10. Bg5 Be7 11. Bxe7 Ndxe7 12. O-O O-O 13. Ne4 Qb4 14. Nfg5
Bf5 15. Bd3 h6 16. g4 Bg6 17. Nf3 Nxd4 18. Ne5 Rfd8 19. h4 Ndc6 20. Nxg6 Nxg6
21. Qf3 Nge5 0-1

[Event "Deutsche Ländermeisterschaft 2003"]
[Site "Kassel GER"]
[Date "2003.10.23"]
[Round "7"]
[White "Armbrust, Florian"]
[Black "Rubel, Julian"]
[Result "1-0"]
[Termination "normal"]
[Board "4.3"]
[WhiteElo "2205"]
[BlackElo "2136"]
[WhiteTeam "Rheinland-Pfalz"]
[BlackTeam "Hessen 3"]
[PlyCount "43"]
[WhiteFideId "4691350"]
[BlackFideId "24605980"]
[EventCountry "GER"]
[EventRounds "7"]
[EventType "team-swiss"]
[EventDate "2003.10.18"]

1. e4 c5 2. Nc3 e6 3. f4 Nc6 4. Nf3 a6 5. g3 d5 6. e5 Nge7 7. Bg2 Nf5 8. O-O g6
9. d3 Bg7 10. Qe1 b5 11. Qf2 Qb6 12. g4 Nfd4 13. Nxd4 cxd4 14. Ne2 Bf8 15. c3
Be7 16. Nxd4 Nxd4 17. Be3 O-O 18. Bxd4 Qc7 19. Qg3 Bd7 20. f5 exf5 21. gxf5
Bxf5 22. Rxf5 1-0